<?xml version="1.0" encoding="UTF-8"?>
<record
    xmlns:xsi="http://www.w3.org/2001/XMLSchema-instance"
    xsi:schemaLocation="http://www.loc.gov/MARC21/slim http://www.loc.gov/standards/marcxml/schema/MARC21slim.xsd"
    xmlns="http://www.loc.gov/MARC21/slim">

  <leader>02274nam a2200277 a 4500</leader>
  <controlfield tag="001">BRCA_8951</controlfield>
  <controlfield tag="005">20190320210454.0</controlfield>
  <controlfield tag="008">040717s1755----sp-#######---#000-0#spa-#</controlfield>
  <datafield tag="041" ind1=" " ind2=" ">
    <subfield code="a">spa</subfield>
  </datafield>
  <datafield tag="044" ind1=" " ind2=" ">
    <subfield code="a">sp</subfield>
  </datafield>
  <datafield tag="084" ind1=" " ind2=" ">
    <subfield code="a">LE20</subfield>
    <subfield code="b">.C56 1755</subfield>
  </datafield>
  <datafield tag="100" ind1="1" ind2=" ">
    <subfield code="a">Choisy, Fran&#xE7;ois Timol&#xE9;on, Abad de</subfield>
    <subfield code="d">1644 - 1724</subfield>
    <subfield code="9">22246</subfield>
  </datafield>
  <datafield tag="245" ind1="1" ind2="0">
    <subfield code="a">Historia general de la iglesia, desde su fundaci&#xF3;n, hasta este presente siglo,</subfield>
    <subfield code="c">escrita en idioma franc&#xE9;s por el se&#xF1;or Abad de Choysi, de la Academia Francesa; y traducida en Castellano por Don Estevan Gazan.</subfield>
  </datafield>
  <datafield tag="260" ind1=" " ind2=" ">
    <subfield code="a">Madrid</subfield>
    <subfield code="b">En la Imprenta de Antonio Perez de Soto</subfield>
    <subfield code="c">1755</subfield>
  </datafield>
  <datafield tag="300" ind1=" " ind2=" ">
    <subfield code="a">382 p. (t.10)</subfield>
    <subfield code="c">20 x 14.3 cm</subfield>
  </datafield>
  <datafield tag="500" ind1=" " ind2=" ">
    <subfield code="a">Con privilegio</subfield>
  </datafield>
  <datafield tag="500" ind1=" " ind2=" ">
    <subfield code="a">En portada: Contiene todos los sucesos memorables acaecidos en la serie de los siglos: Todos los Concilios, la Succession de los Sumos Pontifices, de los Emperadores de ambos Imperios, de Oriente, y Occidente: Los Varones Ilustres, que florecieron: Sus Obras: Los Heresiarcas, las Persecuciones de la Iglesia: Escritos de los Santos Padres: Los tormentos de  todos los Martyres de la Christyandad: Sacado de la Escritura Sagrada, de la Tradicion, y de los mas ver&#xED;dicos Historiadores</subfield>
  </datafield>
  <datafield tag="500" ind1=" " ind2=" ">
    <subfield code="a">En portada: Dedicada a la Sagrada Religi&#xF3;n de la Compa&#xF1;&#xED;a de Jes&#xFA;s</subfield>
  </datafield>
  <datafield tag="500" ind1=" " ind2=" ">
    <subfield code="a">Estado f&#xED;sico: presenta encuadernaci&#xF3;n en pergamino con cintas rotas</subfield>
  </datafield>
  <datafield tag="500" ind1=" " ind2=" ">
    <subfield code="a">Con marca de fuego: &#x201C;Procedencia de la marca: Convento de San Diego de M&#xE9;xico, D. F.(1). Instituci&#xF3;n: Orden de Frailes Menores. Provincia de San Pedro y San Pablo de Michoac&#xE1;n. Descripci&#xF3;n: Monograma que se desata como: S[an] Die[go]. Observaciones: Rafael Sala, Carlos Krausse y David Saavedra la catalogan como perteneciente al Convento de San Diego de la Ciudad de M&#xE9;xico. ---------- La marca BF-12010 y la 12011 son un poco m&#xE1;s altas (20 x 23 mm) y la BEFK-12086 es m&#xE1;s alta y m&#xE1;s ancha (22 x 24 mm). Ubicaci&#xF3;n de la marca en el libro: Canto inferior&#x201D;</subfield>
  </datafield>
  <datafield tag="650" ind1="1" ind2="4">
    <subfield code="a">Historia eclesi&#xE1;stica</subfield>
    <subfield code="y">Obras anteriores a 1800</subfield>
    <subfield code="9">22247</subfield>
  </datafield>
  <datafield tag="700" ind1="1" ind2=" ">
    <subfield code="a">Gazan, Estevan</subfield>
    <subfield code="e">tr.</subfield>
    <subfield code="9">22248</subfield>
  </datafield>
  <datafield tag="856" ind1=" " ind2=" ">
    <subfield code="a">http://www.marcasdefuego.buap.mx:8180/xmLibris/projects/firebrand/item.jsp?repository=marcas_de_fuego&amp;key=marcas_de_fuego_franciscanas_20161116123045_bc66.xml&amp;num=144</subfield>
  </datafield>
  <datafield tag="902" ind1=" " ind2=" ">
    <subfield code="a">CFM</subfield>
  </datafield>
  <datafield tag="942" ind1=" " ind2=" ">
    <subfield code="2">lcc</subfield>
    <subfield code="c">B</subfield>
  </datafield>
  <datafield tag="999" ind1=" " ind2=" ">
    <subfield code="c">8602</subfield>
    <subfield code="d">8602</subfield>
  </datafield>
  <datafield tag="952" ind1=" " ind2=" ">
    <subfield code="0">0</subfield>
    <subfield code="1">0</subfield>
    <subfield code="4">0</subfield>
    <subfield code="7">0</subfield>
    <subfield code="a">BRCA</subfield>
    <subfield code="b">BRCA</subfield>
    <subfield code="d">2017-07-04</subfield>
    <subfield code="l">0</subfield>
    <subfield code="o">LE20 .C56 1755</subfield>
    <subfield code="p">CFM00253</subfield>
    <subfield code="r">2019-03-22 00:00:00</subfield>
    <subfield code="w">2019-03-22</subfield>
    <subfield code="y">B</subfield>
  </datafield>
</record>
